Territories of the British Empire in 1920 - Statistics

General Stats
  • This quiz has been taken 2,015 times
    1,959 since last reset
  • The average score is 37 of 76
Answer Stats
Status Territory % Correct
British Raj India
97%
Dominions Australia
92%
Dominions Canada
92%
Dominions New Zealand
92%
Dominions South Africa
89%
United Kingdom United Kingdom
86%
Protectorates Egypt
82%
Both colonies and protectorates Kenya
77%
Protectorates Anglo-Egyptian Sudan
75%
Colonies Hong Kong
75%
Colonies Jamaica
74%
Both colonies and protectorates Nigeria
74%
Military occupation Cyprus
72%
Colonies Bahamas
71%
Colonies Malta
70%
Colonies Fiji
68%
Protectorates Federated Malay States
67%
Protectorates Unfederated Malay States
67%
Colonies Barbados
65%
Colonies Gibraltar
64%
BSAC administration Northern Rhodesia
64%
BSAC administration Southern Rhodesia
64%
League of Nations mandates Western Samoa
64%
Protectorates Muscat and Oman
63%
Protectorates Tonga
63%
Colonies Trinidad and Tobago
62%
Protectorates Uganda
62%
League of Nations mandates Palestine
61%
Protectorates British Solomon Islands
57%
Both colonies and protectorates Gambia
57%
Protectorates Kuwait
57%
Colonies Falkland Islands and Dependencies
56%
Crown dependencies Isle of Man
56%
League of Nations mandates Nauru
55%
Colonies Bermuda
54%
Protectorates Qatar
53%
Colonies Seychelles
53%
Protectorates Bahrain
52%
Colonies Mauritius
52%
Dominions Newfoundland
52%
Protectorates Maldive Islands
50%
League of Nations mandates British Cameroon
49%
Colonies Sierra Leone
49%
Colonies British Honduras
46%
Protectorates Zanzibar
45%
Protectorates Brunei
44%
Protectorates British Somaliland
43%
Australian external territory Papua
43%
Protectorates Swaziland
43%
League of Nations mandates Tanganyika
41%
Colonies Ceylon
40%
Colonies Gold Coast
39%
League of Nations mandates New Guinea
39%
Colonies Saint Helena
37%
Crown dependencies Channel Islands
29%
Protectorates Aden
26%
Colonies Pitcairn Islands
26%
Colonies British Guiana
25%
Protectorates Nyasaland
25%
Colonies Turks and Caicos Islands
23%
Protectorates Bechuanaland
22%
League of Nations mandates South West Africa
22%
Colonies Basutoland
19%
Colonies Ascension Island
18%
Colonies British Leeward Islands
18%
Colonies British Windward Islands
17%
Protectorates Trucial States
17%
Colonies Tristan da Cunha
15%
League of Nations mandates British Togoland
13%
Anglo-French condominium New Hebrides
13%
Protectorates Sarawak
13%
Protectorates British North Borneo
7%
Colonies Straits Settlements
7%
Colonies Gilbert and Ellice Islands
6%
Protectorates Sikkim
6%
Leased territory Weihaiwei
4%
No matching quizzes found
Score Distribution
Percent of People with Each Score
Percentile by Number Answered
Your Score History
You have not taken this quiz since the last reset